| 000 | 01419nam a22002777a 4500 | ||
|---|---|---|---|
| 001 | 03102 | ||
| 003 | HDC | ||
| 007 | p uk fo d 00 g | ||
| 008 | 210102b20152015le ||||| |||| 00| 0 eng d | ||
| 040 | _aHDC | ||
| 245 | 4 |
_aThe Digital Islamic Services Landscape _b: Uncovering the Digital Islamic Services Opportunity for the Middle East and the World _c/ Deloitte & Touche |
|
| 260 |
_aLebanon: _bDeloitte, _c2015 |
||
| 300 |
_a1 online resource (86 pages): _bchiefly colour illustrations |
||
| 336 |
_atext _2rdacontent |
||
| 337 |
_acomputer _2rdamedia |
||
| 338 |
_aonline resource _2rdacarrier |
||
| 500 | _aIncludes bibliographical references | ||
| 520 | _aThe Digital Islamic Services landscape has been defined under nine key industry verticals and areas, which constitute the pillars of the global Digital Islamic Economy: Halal Food, Halal Travel, Islamic Finance, Modest Fashion, Islamic Art & Design, Islamic Economy Education, Smart Mosques, Islamic Media all centered around associated Islamic Standards & Certifications. | ||
| 650 |
_aEconomic policy _91976 |
||
| 651 |
_aMiddle East _xEconomic policy _91977 |
||
| 710 |
_aDeloitte _eissuing body |
||
| 856 | _zRequest full-text at [email protected] | ||
| 942 | _2lcc | ||
| 942 | _cBK | ||
| 942 | _kREPT 000103 | ||
| 999 |
_c488 _d488 |
||